000 01452nam a2200397 i 4500
001 54594
003 KOSZ 005
005 20211209142459.0
008 040408s2004 pl a f |001 0 pol
015 _aPB 2004/6778
020 _a8320428785
035 _a(OCoLC)830560602
040 _aWA N
_cWA N
_dKOSZ 005/HR
041 1 _apol
_heng
046 _k1994
080 _a004.915
080 _a(07)
100 1 _aLamport, Leslie.
_eAutor
245 1 0 _aLATEX :
_bsystem opracowywania dokumentów : podręcznik i przewodnik użytkownika /
_cLeslie Lamport ; il. Duane'a Bibby'ego ; z ang. przeł. Marta Wolińska, Marcin Woliński.
246 1 _iTyt. oryg.:
_aLATEX :
_ba document preparation system,
_f1994.
260 _aWarszawa :
_bWydawnictwa Naukowo-Techniczne,
_c2004.
300 _aXVIII, 366 s., [2] s. tabl. złoż. :
_bil., rys., tab. ;
_c24 cm.
380 _aKsiążki.
380 _aPublikacje fachowe
388 _a2001-
504 _aBibliogr. s. 295. Indeks.
658 _aInformatyka i technologie informacyjne
655 4 _aPodręcznik
650 4 _aProgramy wydawnicze
650 4 _aLATEX
700 1 _aWolińska, Marta.
_eTłumaczenie
700 1 _aWoliński, Marcin.
_eTłumaczenie
710 2 _aWydawnictwa Naukowo-Techniczne
_4pbl.
856 _uhttp://koha.tu.koszalin.pl/cgi-bin/koha/opac-detail.pl?biblionumber=54594
_yKatalog online BPK
942 _2UKD
_cKS
999 _c54594
_d54594